| 000 | 00509nam a2200193Ia 4500 | ||
|---|---|---|---|
| 003 | LK-CoDNM | ||
| 005 | 20241216111447.0 | ||
| 008 | 121008t2009 xxu||||| |||| 00| 0 sin d | ||
| 040 |
_aLK-CoDNM _dLK-CoDNM _eLK-CoDNM |
||
| 041 | _asin | ||
| 080 |
_aX8S1 _bKOD |
||
| 100 | _aRathna Kodikara | ||
| 245 | _aගිරා සංදේශය | ||
| 246 | _aGira Sandeshaya | ||
| 260 |
_bSarasavi Prakashakayo _aNugegoda _c2009 |
||
| 300 | _b450p. ; 22 cm | ||
| 650 | _aසංදේශ කවි | ||
| 942 | _cBK | ||
| 999 |
_c75105 _d75105 |
||